Quizzes
Events
Quiz Creation
Community
Videos
Private Events
Remove Ads
Sign In
Join for FREE
Feedback
Dark Mode
Quiz Categories
Sports
Geography
Music
Movies
Television
Just For Fun
Miscellaneous
History
Literature
Language
Science
Gaming
Entertainment
Religion
Holiday
For Kids
Quiz Lab
Recent
Popular Today
Quiz Kudos Today
Editor Picks
Curator Picks
Quizzes by...
Day
Popularity
Type
Ratings
Length
Year
Community
Subscriptions
Recent Discussions
Orange Saloon
Badges
Playlists
Quests
Create
Leaderboards
Showdown
Live 5
Trivia Bingo
Activity
Puzzle Library
Sporcle Events
Private Events
Virtual Trivia
Globe League
Become a Host
Pub Owners
SporcleCon
Opinionation
Our Games
Videos
Blog
Mobile Apps
Partnerships
Remove Ads and Go Orange
Feedback
Sports
Athletes
MLB
NBA
NHL
NFL
Soccer
Sports Teams
WWE
NCAA
Football
Premier League
Basketball
Baseball
Hockey
Golf
Tennis
Cricket
Rugby
Auto Racing
Olympics
World Cup
Sports
Athletes
MLB
NBA
NHL
NFL
Soccer
Sports Teams
WWE
NCAA
Football
Premier League
Basketball
Baseball
Hockey
Golf
Tennis
Cricket
Rugby
Auto Racing
Olympics
World Cup
Random Quiz
Search Sporcle
×
Quiz Lab
Quiz Lab
Sports
College
Click on answers out of a set of options
Click on answers out of a set of options
Multiple Choice
Best Score? Go Orange.
Where did these Undrafted NBA players go to college Stats
Can you choose the colleges for some Undrafted NBA players?
By
CardCustoms
7m
18 Questions
114 Plays
114 Plays
114 Plays
Comments
Comments
Give Quiz Kudos
Give Quiz Kudos
-
- Ratings
hide this ad
Random Order
Randomize order of answers
Randomize order of answers
Replay
Link that replays current quiz
Next Quiz
Link to next quiz in quiz playlist
You Got
0%
They Got
Avg Score
54%
Avg Friend Score
Upgrade to see
Score Distribution
Jump to the score distribution portion of the page
Score
0/18
Timer
07:00
0
Plays Today
Question
Answer
Wrong Answers
Who did Jeremy Lin play for
Harvard
95.6%
Yale
0.9%
Princeton
1.8%
Penn
1.8%
Where did the reigning MVP's brother, Seth Curry go to college?
Duke
82.5%
Davidson
6.1%
Saint Joseph's
6.1%
Army
0%
Which Pac-12 college did Gary Payton II go to?
Oregon State
72.8%
Oregon
11.4%
Washington State
8.8%
Stanford
2.6%
The slam dunk contest competitor from the D-League, Derrick Jones Jr.?
UNLV
70.2%
UNC
5.3%
UCLA
7.9%
USC
12.3%
Sharpshooting Knicks Guard, Ron Baker?
Wichita State
68.4%
Illinois State
7.9%
Mizzou St
7.9%
VCU
8.8%
Sean Kilpatrick?
Cincinnati
60.5%
Virginia Tech
7.9%
Xavier
18.4%
Miami (OH)
11.4%
Hawks Small Forward, Mr.420 aka Kent Bazemore?
Old Dominion
58.8%
Sam Houston State
12.3%
Mississippi
7%
Jacksonville State
15.8%
Hawks backup PG, Malcolm Delaney?
Virginia Tech
55.3%
Virginia
17.5%
UNC
4.4%
Syracuse
15.8%
Where did Cliff Alexander attend college?
Kansas
53.5%
Baylor
11.4%
Oklahoma
8.8%
Kansas State
21.9%
Starting Power Forward for the Memphis Grizzlies, JaMychal Green?
Alabama
52.6%
Arkansas
14.9%
Auburn
8.8%
Alabama A&M
17.5%
Where did Sixers Small Forward Robert Covington go?
Tennessee State
48.2%
Memphis
14%
ETSU
22.8%
Fort Wayne
9.6%
Lakers 6'3 Guard David Nwaba?
Cal Poly
47.4%
UC Irvine
25.4%
USC
14%
Cal Tech
8.8%
Warriors Guard Ian Clark?
Belmont
46.5%
Idaho State
11.4%
Eastern Kentucky
15.8%
Wyoming
20.2%
Miami Heat Forward, Willie Reed?
Saint Louis
38.6%
Weber State
21.1%
Furman
14%
UNLV
19.3%
Klay Thompson's brother, Mychel Thompson?
Pepperdine
38.6%
Washington State
23.7%
UIC Flames
11.4%
Portland
20.2%
Magic forward Aaron Gordon's brother, Drew Gordon?
New Mexico
36.8%
None
22.8%
New Mexico State
11.4%
Arizona
22.8%
Who did Xavier Munford play for?
Rhode Island
31.6%
Creighton
14.9%
Seton Hall
40.4%
Villanova
9.6%
Maurice Ndour?
Ohio
31.6%
Ohio State
14%
Kent State
30.7%
Toledo
19.3%
Quiz Playlist
Details
Report
Send in Message
Add To Playlist
Multiple Choice:
Click on answers out of a set of options
Random Order:
Randomize order of answers
Last Updated: Apr 22, 2017
Quiz Scoreboard
CHALLENGE
Sign Up to Join the Scoreboard
Show All
Scores
Hide
Comments
May contain spoilers
Recently Published
Presidents Visiting Landmarks
by Hejman
History
7m
An Introduction to Baseball
by treessimontrees
Sports
5m
Movies - When Are They Set?
by FPL_Elf
Movies
5m
More to Explore
Quiz From the Vault
Featured Blog Post
Where Did the Easter Bunny Come From?
hide this ad
You Might Also Like...
Tags
College Quiz
NBA Quiz
Player
Undrafted
Today's Top Quizzes in Sports
Browse Sports
hide this ad
Today's Top Quizzes in College
Browse College
Top Contributed Quizzes in Sports
1
Les meilleurs buteurs des matchs entre le PSG et l’OM
2
2022 World Cup Stars
3
FIFA Club World Cup Champions
4
Les entraîneurs de l'OM et du PSG au 21e siècle
5
Name the Premier League winners with different clubs
6
La finale Lions - Afrique du Sud 2021
7
5-to-1: UK Sports Teams
8
England Test cricketers to play under Nasser Hussain
9
Players with Multiple 50 Home Run Seasons
10
AFC Teams Reveal (Wrong Answers Minefield)
Explore More
Trending Topics
Crossword
Harry Potter
Anime
Disney
Kpop
Marvel
NBA
WWE
Puzzle
NFL
Soccer
Song
Country
The Office
Pokémon
hide this ad
More By:
CardCustoms
Quiz
Plays
Rating
Category
Featured
Created
Where did these Undrafted NBA players go to college
114
4.00
Sports
Apr 22, 2017
Go to Creator's Profile
Score Distribution
Quiz Creator Spotlight
CardCustoms
Follow
Send a Message
Quizzes Created
-
Created Quiz Play Count
-
More By This Creator
Popular Quizzes Today
1
Find the US States - No Outlines Minefield
2
Find the Countries of Europe - No Outlines Minefield
3
The Countries of the World
4
Find the US States
5
Popular People in 1961
6
US States
7
Risky Map Clicking: Biggest States A-Z
8
1-10 Letter E Words III
More Sports Quizzes
Kobe Hugs
Published
Trending Quizzes
Risky Map Clicking: Least Populous States A-Z
1-10 Letter G Words
1-10 Letter F Words
One Thing in Common: United Kingdom
Risky Map Clicking: Next State Alphabetically
Recently Updated
Leaping Animals
pecheneg
Reality TV Shows (A-Z)
bhenderson79
Rickey Henderson's Hall of Fame Teammates
pecheneg
Champions League XIs: Arsenal
pecheneg
Quick Pick: Celebrities in WWE's Hall of Fame
aduchscher
A-Z Keypad Blitz II
pecheneg
Multiple Oscar Actors
pecheneg
Mystery Phrase Blitz: Oscar 'Best Actors'
pecheneg
F. Scott Fitzgerald Novels
LTH
Pick 3 Villains
ddd62291
Trending Topics
Anime
Harry Potter
Kpop
Disney
Crossword
NBA
Marvel
WWE
Country
Puzzle
Soccer
Song
The Office
Pokémon
NFL
Your Account Isn't Verified!
In order to create a playlist on Sporcle, you need to verify the email address you used during registration. Go to your
Sporcle Settings
to finish the process.
Report this User
Report this user for behavior that violates our
Community Guidelines
.
Details:
Send Report
Go to the Sporcle.com Mobile Site →
Comments